Państwa według podpowiedzi - litera N - Statystyki

Ogólne statystyki
  • Ten quiz został rozwiązany 55 razy
  • Średni wynik to 8 z 9
Statystyki odpowiedzi
Podpowiedź Państwo % Poprawnych
Jeżeli usuniesz z nazwy powyższego państwa końcówkę "ia" powstanie nazwa tego państwa Niger
96%
Najbardziej zaludnione państwo w Afryce Nigeria
96%
Jest tam najwięcej fiordów na świecie Norwegia
96%
Flaga tego państwa jako jedyna nie jest prostokątna Nepal
94%
Nagrano tam "Władcę Pierścieni" Nowa Zelandia
87%
Uzyskało niepodległość w 1990 roku od RPA Namibia
85%
Jego język jest jednym z języków urzędowych w Unii Europejskiej Niemcy
72%
Aż 95% mieszkańców tego państwa zmaga się z otyłością Nauru
70%
Graniczy z Hondurasem i Kostaryką Nikaragua
64%
Nie znaleziono quizów pasujących do podanych kryteriów
Rozkład punktacji
Procent ludzi z każdym wynikiem
Percentyl według liczby udzielonych odpowiedzi
Twoja historia wyników
Nie rozwiązałeś tego quizu